[Event "Quebec op"]
[Site "Longueuil CAN"]
[Date "2019.07.23"]
[Round "5.19"]
[White "Poulin, Maurice"]
[Black "Landry, Sylvain"]
[Result "1-0"]
[WhiteElo "1944"]
[BlackElo "2046"]
[PlyCount "55"]
[EventDate "2019.07.20"]
[EventType "swiss"]
[EventRounds "9"]
[EventCountry "CAN"]

1. e4 e5 2. Nf3 Nc6 3. c3 d5 4. Qa4 f6 5. Bb5 Nge7 6. exd5 Qxd5 7. O-O Bf5 8.
d4 e4 9. c4 Qd7 10. Nh4 Bg4 11. d5 g5 12. f3 gxh4 13. fxg4 Bg7 14. Nc3 O-O 15.
dxc6 bxc6 16. Ba6 Qd4+ 17. Kh1 e3 18. Re1 h3 19. c5 hxg2+ 20. Kxg2 Qxa4 21.
Nxa4 Nd5 22. Bc4 f5 23. gxf5 Rxf5 24. Bxe3 Kh8 25. Bxd5 cxd5 26. Rad1 Rg8 27.
Kh1 Re8 28. Bg1 1-0

[Event "Quebec op"]
[Site "Longueuil CAN"]
[Date "2019.07.23"]
[Round "5.20"]
[White "Boucher, Antoni"]
[Black "Libersan, Thierry"]
[Result "0-1"]
[WhiteElo "1932"]
[BlackElo "2017"]
[PlyCount "70"]
[EventDate "2019.07.20"]
[EventType "swiss"]
[EventRounds "9"]
[EventCountry "CAN"]

1. d4 d5 2. Bg5 Nf6 3. Bxf6 exf6 4. e3 c6 5. c4 Bb4+ 6. Nc3 O-O 7. a3 Bxc3+ 8.
bxc3 Qa5 9. Qb3 Be6 10. Nf3 Nd7 11. Bd3 dxc4 12. Bxc4 Bxc4 13. Qxc4 Nb6 14. Qb3
Qa6 15. Qc2 Rac8 16. Qe2 Qa5 17. Qb2 Na4 18. Qb4 Qa6 19. c4 c5 20. Qb5 Qxb5 21.
cxb5 c4 22. Kd2 c3+ 23. Kc2 Rfd8 24. Rhb1 Nb2 25. Ng1 Rc4 26. Ne2 Rdc8 27. Rc1
Kf8 28. Nf4 Ke7 29. Nd3 Na4 30. Rab1 Nb6 31. Nc5 Na4 32. Kb3 Nxc5+ 33. Kxc4
Ne4+ 34. Kb4 Nd2 35. Ra1 Rc4+ 0-1

[Event "Quebec op"]
[Site "Longueuil CAN"]
[Date "2019.07.23"]
[Round "5.21"]
[White "Jacquet, Stephane"]
[Black "Trottier, Alain"]
[Result "1-0"]
[WhiteElo "1915"]
[BlackElo "1829"]
[PlyCount "87"]
[EventDate "2019.07.20"]
[EventType "swiss"]
[EventRounds "9"]
[EventCountry "CAN"]

1. d4 Nf6 2. c4 g6 3. Nf3 Bg7 4. Nc3 d5 5. cxd5 Nxd5 6. Bd2 O-O 7. e4 Nxc3 8.
Bxc3 c5 9. d5 f6 10. Bc4 Qd6 11. Qd2 a6 12. a4 b6 13. h4 Bg4 14. Nh2 Bd7 15. h5
gxh5 16. Nf1 Be8 17. Ng3 Bg6 18. Nxh5 Nd7 19. Nxg7 Kxg7 20. Qh6+ Kg8 21. Ra3
Bxe4 22. Bd2 Bg6 23. Bf4 Ne5 24. Rg3 Kf7 25. O-O Ke8 26. Re1 Nf7 27. Bxd6 Nxh6
28. Bxe7 Nf5 29. Bxf8+ Kxf8 30. Rf3 Kg7 31. Bd3 Nd4 32. Rg3 Rd8 33. Bxa6 Rxd5
34. Re7+ Kf8 35. Rb7 Rd6 36. Re3 Nf5 37. Rb3 Rd1+ 38. Kh2 Rd6 39. R3xb6 Rd4 40.
Kg1 Rxa4 41. Rxf6+ Kg8 42. b3 Ra1+ 43. Kh2 Ng7 44. Bc4+ 1-0

[Event "Quebec op"]
[Site "Longueuil CAN"]
[Date "2019.07.23"]
[Round "5.22"]
[White "Abdelaal, Ibrahim"]
[Black "Mercure, Gilbert"]
[Result "1/2-1/2"]
[WhiteElo "1903"]
[BlackElo "1795"]
[PlyCount "115"]
[EventDate "2019.07.20"]
[EventType "swiss"]
[EventRounds "9"]
[EventCountry "CAN"]

1. e4 d5 2. exd5 Nf6 3. d4 Bg4 4. Nf3 Qxd5 5. Be2 Nc6 6. c4 Qf5 7. O-O O-O-O 8.
Be3 a6 9. Nc3 e5 10. d5 h5 11. Qb3 Bxf3 12. Bxf3 Nd4 13. Bxd4 exd4 14. Na4 Nd7
15. c5 Nxc5 16. Nxc5 Bxc5 17. d6 Rxd6 18. Qxb7+ Kd7 19. Qb3 Rhh6 20. Qa4+ Ke7
21. Rfe1+ Rhe6 22. Qa5 Kf6 23. Qxc7 Bb6 24. Qc4 g5 25. Rxe6+ fxe6 26. Qc8 Rd8
27. Qxa6 g4 28. Qxb6 Ke7 29. Qb4+ Rd6 30. Bd1 d3 31. Bb3 d2 32. Rd1 Qe5 33. Qc3
Rd4 34. Qe3 Qd6 35. Qxe6+ Qxe6 36. Bxe6 Kxe6 37. Kf1 Rc4 38. Rxd2 Rc1+ 39. Ke2
Rh1 40. g3 Rxh2 41. b4 h4 42. gxh4 g3 43. Kf1 gxf2 44. Rxf2 Rxh4 45. Rb2 Rh1+
46. Kg2 Ra1 47. b5 Kd7 48. Kf3 Kc7 49. Ke4 Kb6 50. Kd4 Rh1 51. Kc4 Rh4+ 52. Kc3
Rh3+ 53. Kb4 Rh4+ 54. Ka3 Ka5 55. Rb3 Rh6 56. Kb2 Rb6 57. Kc3 Rxb5 58. Kc4
1/2-1/2

[Event "Quebec op"]
[Site "Longueuil CAN"]
[Date "2019.07.23"]
[Round "5.24"]
[White "Vignalou, Joseph"]
[Black "Beaudry, Marc-Andre"]
[Result "1-0"]
[WhiteElo "1732"]
[BlackElo "1848"]
[PlyCount "35"]
[EventDate "2019.07.20"]
[EventType "swiss"]
[EventRounds "9"]
[EventCountry "CAN"]

1. e4 c5 2. Nf3 d6 3. d4 cxd4 4. Nxd4 Nf6 5. Nc3 a6 6. Bg5 Nbd7 7. f4 Qc7 8.
Qf3 b5 9. O-O-O Bb7 10. Bd3 g6 11. Rhe1 Bg7 12. Qg3 e5 13. fxe5 dxe5 14. Rf1 b4
15. Nce2 Nxe4 16. Bxe4 Bxe4 17. Rxf7 Bf8 18. Rxd7 1-0

[Event "Quebec op"]
[Site "Longueuil CAN"]
[Date "2019.07.24"]
[Round "6.2"]
[White "Rodrigue-Lemieux, Shawn"]
[Black "Vera, Reynaldo"]
[Result "0-1"]
[WhiteElo "2257"]
[BlackElo "2424"]
[PlyCount "124"]
[EventDate "2019.07.20"]
[EventType "swiss"]
[EventRounds "9"]
[EventCountry "CAN"]

1. Nf3 Nf6 2. g3 d5 3. Bg2 e6 4. O-O c5 5. d4 Nc6 6. c4 dxc4 7. dxc5 Qxd1 8.
Rxd1 Bxc5 9. Nbd2 c3 10. bxc3 Bd7 11. Rb1 O-O-O 12. Nb3 Bb6 13. Ng5 Be8 14.
Rxd8+ Nxd8 15. Nd2 h6 16. Nge4 Nxe4 17. Nxe4 Bc6 18. Nd6+ Kd7 19. Nc4 Bc7 20.
e4 b6 21. Be3 Nb7 22. Bd4 f6 23. f4 Nd6 24. Nxd6 Bxd6 25. Rd1 Kc7 26. e5 fxe5
27. fxe5 Ba3 28. Rf1 Rf8 29. Rxf8 Bxf8 30. Bf1 Bd5 31. a4 Kb7 32. Bb5 a6 33.
Be8 Bc6 34. Bf7 Bd7 35. Kf2 a5 36. Ke3 Be7 37. Kd3 Bd8 38. c4 Be7 39. Kc3 Bb4+
40. Kb3 Kc7 41. g4 g5 42. Be3 Bc5 43. Bxc5 bxc5 44. h3 Kd8 45. Bg6 Bc6 46. Bd3
Bg2 47. Kc3 Bxh3 48. Be2 Ke7 49. Kd3 Kf7 50. Ke3 Bg2 51. Bd3 Kg7 52. Kf2 Bc6
53. Bc2 Be8 54. Bd1 Bg6 55. Ke3 Bb1 56. Kd2 h5 57. gxh5 Bf5 58. Ke3 Kh6 59. Kf3
Kxh5 60. Kg3+ Kg6 61. Bb3 Bd3 62. Kg4 Be2+ 0-1

[Event "Quebec op"]
[Site "Longueuil CAN"]
[Date "2019.07.24"]
[Round "6.3"]
[White "Cummings, David"]
[Black "Roussel-Roozmon, Thomas"]
[Result "1/2-1/2"]
[WhiteElo "2340"]
[BlackElo "2463"]
[PlyCount "96"]
[EventDate "2019.07.20"]
[EventType "swiss"]
[EventRounds "9"]
[EventCountry "CAN"]

1. c4 Nf6 2. Nc3 c5 3. Nf3 e6 4. e4 Nc6 5. d4 cxd4 6. Nxd4 Bb4 7. Nxc6 bxc6 8.
Bd3 e5 9. O-O O-O 10. Qe2 d6 11. Na4 Nd7 12. a3 Bc5 13. Nxc5 Nxc5 14. Be3 Nb3
15. Rad1 c5 16. f4 Rb8 17. Bc2 Nd4 18. Bxd4 cxd4 19. b4 a5 20. Rb1 axb4 21.
axb4 Qe7 22. Bd3 Bd7 23. fxe5 Qxe5 24. Qf3 Be6 25. Qg3 f6 26. Qxe5 fxe5 27.
Rxf8+ Kxf8 28. b5 Ra8 29. Rb2 Ke7 30. Kf2 Kd7 31. Rc2 Ra3 32. Ke2 Bg4+ 33. Kd2
Ra1 34. Rc1 Ra2+ 35. Rc2 Ra1 36. Rc1 Rxc1 37. Kxc1 Kc7 38. Kc2 Kb6 39. Kb3 Ka5
40. Ka3 Bd1 41. Kb2 h6 42. h4 g6 43. g3 g5 44. hxg5 hxg5 45. Ka2 Ba4 46. Ka3
Bd1 47. Kb2 Kb6 48. Ka2 Ka5 1/2-1/2

[Event "Quebec op"]
[Site "Longueuil CAN"]
[Date "2019.07.24"]
[Round "6.4"]
[White "Kaufman, Raymond"]
[Black "Chiku-Ratte, Olivier-Kenta"]
[Result "0-1"]
[WhiteElo "2301"]
[BlackElo "2364"]
[PlyCount "116"]
[EventDate "2019.07.20"]
[EventType "swiss"]
[EventRounds "9"]
[EventCountry "CAN"]

1. d4 f5 2. g3 Nf6 3. Bg2 e6 4. Nf3 d6 5. O-O Be7 6. c4 O-O 7. b3 Ne4 8. Bb2
Bf6 9. Nfd2 Nxd2 10. Qxd2 c6 11. e4 e5 12. dxe5 dxe5 13. Rd1 Qc7 14. Qd6 Qxd6
15. Rxd6 Na6 16. Nc3 Be7 17. Rd2 f4 18. Na4 Bb4 19. Rd3 Re8 20. Rad1 Ba5 21. a3
Bc7 22. b4 Be6 23. gxf4 Bxc4 24. Rd7 Bb3 25. Nc5 Nxc5 26. bxc5 Bxd1 27. Rxc7
Rec8 28. Re7 Kf8 29. Rxe5 Bb3 30. Rg5 g6 31. f5 Rd8 32. h4 Rd1+ 33. Kh2 Kf7 34.
fxg6+ hxg6 35. h5 gxh5 36. Rxh5 Rd2 37. Rf5+ Ke7 38. Be5 Be6 39. Bf6+ Kd7 40.
Rf4 Rf8 41. e5 Kc7 42. Bh3 Kd7 43. Rb4 Bxh3 44. Kxh3 Rb8 45. f4 Ke6 46. Kg4
Rg8+ 47. Bg5 Rg7 48. Rb3 Rd1 49. Rg3 b6 50. f5+ Kxe5 51. f6 Rf7 52. cxb6 axb6
53. Re3+ Kd4 54. Re8 Rf1 55. Be3+ Kd3 56. Bxb6 R1xf6 57. Bd8 Rf8 58. Re1 Rf1
0-1

[Event "Quebec op"]
[Site "Longueuil CAN"]
[Date "2019.07.24"]
[Round "6.5"]
[White "Ouellet, Maili-Jade"]
[Black "Perez Rodriguez, Luis Manuel"]
[Result "1-0"]
[WhiteElo "2079"]
[BlackElo "2348"]
[PlyCount "79"]
[EventDate "2019.07.20"]
[EventType "swiss"]
[EventRounds "9"]
[EventCountry "CAN"]

1. d4 Nf6 2. c4 c5 3. d5 b5 4. cxb5 a6 5. bxa6 e6 6. Nc3 exd5 7. Nxd5 Be7 8.
Nxe7 Qxe7 9. Bf4 d5 10. e3 O-O 11. Be2 Rd8 12. Nf3 d4 13. Qb3 Nxa6 14. O-O Nb4
15. Bc4 Nbd5 16. Bg5 Be6 17. exd4 Rdb8 18. Qc2 Rc8 19. Qe2 Qd6 20. Bxf6 gxf6
21. dxc5 Rxc5 22. Rfd1 Rac8 23. b3 Qf4 24. Rd4 Qf5 25. Qd2 Ne7 26. Bd3 Qh5 27.
Rh4 Qd5 28. Bxh7+ Kf8 29. Qh6+ Ke8 30. Rd4 Qc6 31. Qxf6 Nd5 32. Qh6 Rc1+ 33.
Rd1 Rxa1 34. Rxa1 Qc3 35. Re1 Ke7 36. Qg5+ Nf6 37. Bb1 Rg8 38. Qe3 Qa5 39. Rc1
Nd7 40. Nd4 1-0

[Event "Quebec op"]
[Site "Longueuil CAN"]
[Date "2019.07.24"]
[Round "6.6"]
[White "Zhu, Hong Rui"]
[Black "Masse, Hugues"]
[Result "0-1"]
[WhiteElo "2275"]
[BlackElo "2168"]
[PlyCount "104"]
[EventDate "2019.07.20"]
[EventType "swiss"]
[EventRounds "9"]
[EventCountry "CAN"]

1. e4 e5 2. Nf3 Nf6 3. Nxe5 d6 4. Nxf7 Kxf7 5. d4 c5 6. dxc5 d5 7. e5 Ne4 8.
Qf3+ Ke8 9. Nc3 Nxc3 10. Qxc3 Qc7 11. Be3 Nc6 12. Bb5 Be6 13. O-O-O Rd8 14. f4
g6 15. Qb3 Kd7 16. h3 Kc8 17. g4 Be7 18. Rhf1 Rhf8 19. c3 Na5 20. Qa3 a6 21.
Be2 Nc4 22. Bxc4 dxc4 23. Qb4 Rxd1+ 24. Rxd1 Qc6 25. Qb6 Qxb6 26. cxb6 h5 27.
Rg1 hxg4 28. hxg4 Rh8 29. b3 Rh2 30. bxc4 Rxa2 31. f5 Ra1+ 32. Kb2 Rxg1 33.
Bxg1 gxf5 34. gxf5 Bxf5 35. c5 Kd7 36. Kb3 Be4 37. Kc4 Kc6 38. Kb4 Bd5 39. c4
Bf3 40. Bd4 Kd7 41. Ka5 Bc6 42. Kb4 Ke6 43. Ka5 Bg5 44. Bc3 Bf4 45. Kb4 Bxe5
46. Be1 Kf5 47. Bf2 Ke4 48. Be1 Kd3 49. Kb3 Bd4 50. Kb4 Be3 51. Bg3 Bd2+ 52.
Kb3 a5 0-1

[Event "Quebec op"]
[Site "Longueuil CAN"]
[Date "2019.07.24"]
[Round "6.7"]
[White "Saha, Ananda"]
[Black "Voskanyan, Vahagn"]
[Result "1-0"]
[WhiteElo "2059"]
[BlackElo "2205"]
[PlyCount "107"]
[EventDate "2019.07.20"]
[EventType "swiss"]
[EventRounds "9"]
[EventCountry "CAN"]

1. e4 c6 2. d4 d5 3. exd5 cxd5 4. Bf4 Nf6 5. c3 Bf5 6. Nd2 Nc6 7. Ngf3 e6 8.
Qb3 Qc8 9. Nh4 Bg6 10. Nxg6 hxg6 11. Bd3 Be7 12. Qc2 Nh5 13. Be3 Bd6 14. g3 Nf6
15. Bg5 Qc7 16. O-O-O a6 17. Rde1 Ne7 18. h4 Rc8 19. Kb1 b5 20. Bxf6 gxf6 21.
g4 Kd7 22. h5 gxh5 23. Rxh5 Rxh5 24. gxh5 Rh8 25. Rh1 Bf4 26. Nb3 Qb6 27. Nc5+
Ke8 28. a4 Nc6 29. Nxa6 Qxa6 30. axb5 Qb6 31. bxc6 Qxc6 32. b4 Kf8 33. b5 Qb6
34. Qa4 Kg7 35. Rg1+ Kh6 36. Qd1 Qc7 37. Qf3 Bg5 38. Kb2 Ra8 39. Qd1 Qd6 40.
Qb3 Qh2 41. Rf1 Qf4 42. Bc2 Rb8 43. Ra1 Qxf2 44. b6 Qg3 45. Ra7 Qd6 46. Rxf7
Kxh5 47. Rh7+ Bh6 48. b7 f5 49. Qb5 Kg6 50. Rd7 Qf4 51. Qc6 Re8 52. Rxd5 Qc1+
53. Kb3 Bf8 54. Qxe8+ 1-0

[Event "Quebec op"]
[Site "Longueuil CAN"]
[Date "2019.07.24"]
[Round "6.8"]
[White "Feoktistov, Dmitri"]
[Black "Prahov, Valentin"]
[Result "1/2-1/2"]
[WhiteElo "2139"]
[BlackElo "2055"]
[PlyCount "50"]
[EventDate "2019.07.20"]
[EventType "swiss"]
[EventRounds "9"]
[EventCountry "CAN"]

1. d4 Nf6 2. c4 g6 3. Nc3 d5 4. cxd5 Nxd5 5. e4 Nxc3 6. bxc3 Bg7 7. Nf3 O-O 8.
Rb1 c5 9. Be2 cxd4 10. cxd4 Qa5+ 11. Bd2 Qxa2 12. O-O Qe6 13. Qc2 b6 14. d5 Qd6
15. Bb4 Qd7 16. Qa2 a5 17. Ba3 Ba6 18. Rxb6 Qa4 19. Bxa6 Nxa6 20. Qb3 Qxb3 21.
Rxb3 Rfb8 22. Rxb8+ Rxb8 23. Bxe7 Bf8 24. Bxf8 Kxf8 25. Ne5 Re8 1/2-1/2

[Event "Quebec op"]
[Site "Longueuil CAN"]
[Date "2019.07.24"]
[Round "6.9"]
[White "Manley, Jason"]
[Black "Martinez Mulet, Dario Leonel"]
[Result "0-1"]
[WhiteElo "2025"]
[BlackElo "2123"]
[PlyCount "122"]
[EventDate "2019.07.20"]
[EventType "swiss"]
[EventRounds "9"]
[EventCountry "CAN"]

1. Nf3 d5 2. g3 Nf6 3. Bg2 c6 4. O-O Bf5 5. d3 e6 6. Nbd2 Nbd7 7. Re1 Bc5 8. c3
O-O 9. h3 Qc7 10. d4 Bd6 11. Nh4 Rfe8 12. g4 Bg6 13. Nxg6 hxg6 14. e4 dxe4 15.
g5 e3 16. fxe3 Nh5 17. Ne4 Bh2+ 18. Kh1 f5 19. gxf6 gxf6 20. Bf3 Ng3+ 21. Nxg3
Bxg3 22. Rg1 Kf7 23. Qc2 Rg8 24. Qg2 Bd6 25. e4 Bf4 26. Bg4 f5 27. Qf2 Bxc1 28.
Raxc1 Nf6 29. exf5 gxf5 30. Bf3 Rh8 31. Qh2 Qxh2+ 32. Kxh2 Rh7 33. b4 Rah8 34.
Bg2 Ng4+ 35. Kg3 Ne3 36. Kf4 Nxg2+ 37. Rxg2 Kf6 38. Rcg1 Rh4+ 39. Ke3 Rxh3+ 40.
Kf2 Rh2 41. Ke3 Rxg2 42. Rxg2 Rh3+ 43. Kd2 f4 44. a4 Rh7 45. Rg8 Kf5 46. Ra8
Rh2+ 47. Kd3 Rh3+ 48. Kd2 Rh7 49. Ke2 Rg7 50. Kd2 Rg2+ 51. Kd3 Rg3+ 52. Kd2 Rg6
53. Rxa7 Ke4 54. Rxb7 Rg2+ 55. Ke1 Ke3 56. Kf1 Ra2 57. Re7 Ra1+ 58. Kg2 f3+ 59.
Kg3 Rg1+ 60. Kh2 f2 61. Rxe6+ Kd3 0-1

[Event "Quebec op"]
[Site "Longueuil CAN"]
[Date "2019.07.24"]
[Round "6.10"]
[White "Tanaka, Tyler"]
[Black "Robichaud, Louis"]
[Result "1-0"]
[WhiteElo "2109"]
[BlackElo "2026"]
[PlyCount "147"]
[EventDate "2019.07.20"]
[EventType "swiss"]
[EventRounds "9"]
[EventCountry "CAN"]

1. Nf3 Nf6 2. c4 g6 3. g3 Bg7 4. Bg2 O-O 5. Nc3 d6 6. d4 Nbd7 7. O-O e5 8. e4
exd4 9. Nxd4 Re8 10. Re1 Nc5 11. h3 c6 12. b3 a5 13. Bf4 Ne6 14. Nxe6 fxe6 15.
Bxd6 Nd5 16. Nxd5 exd5 17. e5 dxc4 18. bxc4 a4 19. c5 Be6 20. Qe2 Qd7 21. Kh2
a3 22. Qf3 Ra7 23. Rad1 Qc8 24. Rd3 Qa8 25. Rd2 Rd8 26. Red1 Rd7 27. Qe3 Qe8
28. Rd3 Rf7 29. f4 Bxa2 30. Rxa3 Rxa3 31. Qxa3 Be6 32. Ra1 h5 33. h4 Bc8 34.
Be4 Qe6 35. Qd3 Qh3+ 36. Kg1 Bf5 37. Bxf5 Rxf5 38. Ra2 Rxf4 39. Rh2 Qg4 40.
Qb3+ Kh7 41. Rg2 Rb4 42. Qc2 Re4 43. Qf2 Qe6 44. Qb2 Bxe5 45. Qxb7+ Bg7 46. Bf8
Qf6 47. Bxg7 Qxg7 48. Qxc6 Qe7 49. Rd2 Qe5 50. Kg2 Rc4 51. Qa8 Rd4 52. Rxd4
Qxd4 53. Qb7+ Kg8 54. c6 Qe4+ 55. Kf2 Qd4+ 56. Ke2 Qe4+ 57. Kd2 Qd4+ 58. Kc2
Qc4+ 59. Kb2 Qd4+ 60. Ka3 Qa1+ 61. Kb4 Qb2+ 62. Ka5 Qa3+ 63. Kb6 Qe3+ 64. Ka6
Qa3+ 65. Kb6 Qe3+ 66. Kc7 Qe5+ 67. Kd8 Qd6+ 68. Kc8 Qf8+ 69. Kc7 Qe7+ 70. Kb8
Qd6+ 71. c7 Kf7 72. Qb5 Qxg3 73. Qd5+ Ke7 74. Kb7 1-0

[Event "Quebec op"]
[Site "Longueuil CAN"]
[Date "2019.07.24"]
[Round "6.11"]
[White "Trahan, Daniel"]
[Black "Fillion, Steve"]
[Result "1/2-1/2"]
[WhiteElo "1949"]
[BlackElo "2091"]
[PlyCount "72"]
[EventDate "2019.07.20"]
[EventType "swiss"]
[EventRounds "9"]
[EventCountry "CAN"]

1. d4 Nf6 2. c4 e6 3. Nc3 d5 4. cxd5 Nxd5 5. e4 Nxc3 6. bxc3 c5 7. a3 Be7 8.
Nf3 O-O 9. Bd3 b6 10. Qe2 Bb7 11. O-O Nc6 12. Bb2 cxd4 13. cxd4 Bf6 14. Qe3 Rc8
15. Rac1 g6 16. Rfd1 Qe7 17. e5 Bg7 18. Ng5 Na5 19. Ne4 Rxc1 20. Rxc1 Rc8 21.
Rxc8+ Bxc8 22. Nd6 Bd7 23. Be4 f5 24. Bf3 Bc6 25. Bc3 Qd7 26. Bxa5 bxa5 27. Qc3
Bxf3 28. gxf3 a4 29. Qc4 Bf8 30. d5 Bxd6 31. exd6 Qxd6 32. dxe6 Kf8 33. Qxa4 a6
34. Qh4 Qxe6 35. Qxh7 Qc6 36. Qh6+ Kf7 1/2-1/2

[Event "Quebec op"]
[Site "Longueuil CAN"]
[Date "2019.07.24"]
[Round "6.12"]
[White "Huang, Qiuyu"]
[Black "Poulin, Maurice"]
[Result "1-0"]
[WhiteElo "2181"]
[BlackElo "1944"]
[PlyCount "57"]
[EventDate "2019.07.20"]
[EventType "swiss"]
[EventRounds "9"]
[EventCountry "CAN"]

1. e4 g6 2. d4 Bg7 3. Nc3 d6 4. Bg5 h6 5. Bf4 a6 6. Qd2 b5 7. a4 b4 8. Nd1 a5
9. Be3 Nd7 10. Bb5 e6 11. Ne2 Ne7 12. O-O Bb7 13. f3 c6 14. Bd3 Rc8 15. c3 bxc3
16. bxc3 h5 17. Nf2 O-O 18. Rab1 Qc7 19. Nh3 c5 20. Ng5 c4 21. Bc2 d5 22. e5
Bc6 23. g4 hxg4 24. fxg4 Rb8 25. Qe1 Rxb1 26. Bxb1 Bh6 27. Qh4 Bxg5 28. Bxg5 f6
29. exf6 1-0

[Event "Quebec op"]
[Site "Longueuil CAN"]
[Date "2019.07.24"]
[Round "6.13"]
[White "Luksza, Arkadiusz"]
[Black "Zheng, Richard"]
[Result "0-1"]
[WhiteElo "2098"]
[BlackElo "1993"]
[PlyCount "44"]
[EventDate "2019.07.20"]
[EventType "swiss"]
[EventRounds "9"]
[EventCountry "CAN"]

1. d4 d5 2. c4 c6 3. Nc3 Nf6 4. Nf3 e6 5. Bg5 dxc4 6. e4 b5 7. e5 h6 8. Bh4 g5
9. Nxg5 hxg5 10. Bxg5 Nbd7 11. g3 Bb7 12. Bg2 Qb6 13. exf6 O-O-O 14. O-O c5 15.
d5 b4 16. dxe6 Bxg2 17. Kxg2 Qxe6 18. h4 Ne5 19. Qc2 bxc3 20. bxc3 Rd3 21. f3
Bh6 22. Rab1 Bxg5 0-1

[Event "Quebec op"]
[Site "Longueuil CAN"]
[Date "2019.07.24"]
[Round "6.14"]
[White "Craciun, David"]
[Black "Botez, Alexandra"]
[Result "0-1"]
[WhiteElo "1720"]
[BlackElo "2040"]
[PlyCount "60"]
[EventDate "2019.07.20"]
[EventType "swiss"]
[EventRounds "9"]
[EventCountry "CAN"]

1. d4 Nf6 2. Bf4 g6 3. Nc3 d5 4. e3 Bg7 5. Nf3 O-O 6. Be2 b6 7. Ne5 Bb7 8. O-O
Nfd7 9. Bf3 e6 10. e4 Nxe5 11. Bxe5 Bxe5 12. dxe5 d4 13. Ne2 c5 14. c3 d3 15.
Nf4 c4 16. b3 b5 17. a4 a6 18. axb5 axb5 19. Rxa8 Bxa8 20. bxc4 bxc4 21. Qa4
Nd7 22. Qxc4 Nxe5 23. Qd4 Nxf3+ 24. gxf3 Qg5+ 25. Ng2 Rd8 26. Qe3 Qe5 27. Rd1
Qxc3 28. Nf4 Bc6 29. Rxd3 Rxd3 30. Qxd3 Qc1+ 0-1

[Event "Quebec op"]
[Site "Longueuil CAN"]
[Date "2019.07.24"]
[Round "6.15"]
[White "Soudre, Nicolas"]
[Black "Zheng, Richard"]
[Result "1/2-1/2"]
[WhiteElo "2086"]
[BlackElo "2039"]
[PlyCount "82"]
[EventDate "2019.07.20"]
[EventType "swiss"]
[EventRounds "9"]
[EventCountry "CAN"]

1. e4 c5 2. Nf3 Nc6 3. d4 cxd4 4. Nxd4 Nf6 5. Nc3 d6 6. g3 Bg4 7. f3 Bd7 8. Bg2
g6 9. Be3 Bg7 10. O-O O-O 11. Nxc6 Bxc6 12. Qd2 Nd7 13. Bd4 Bxd4+ 14. Qxd4 Qb6
15. Qxb6 Nxb6 16. b3 Rac8 17. Ne2 Bd7 18. c4 a5 19. Rfd1 a4 20. Nc3 Ra8 21. f4
Bc6 22. Bf1 Rfc8 23. Kf2 axb3 24. axb3 Nd7 25. Ke3 Nc5 26. b4 Na4 27. Nxa4 Bxa4
28. Rdc1 Bd7 29. Bd3 Kf8 30. Kd4 Ke8 31. h4 Kf8 32. Ke3 Be6 33. Kd4 Bd7 34. Be2
Re8 35. Kc3 h5 36. Bd3 Kg7 37. Be2 Rac8 38. Kd4 Kf6 39. Ke3 Kg7 40. Kd4 Kf6 41.
Ke3 Kg7 1/2-1/2

[Event "Quebec op"]
[Site "Longueuil CAN"]
[Date "2019.07.24"]
[Round "6.16"]
[White "Libersan, Thierry"]
[Black "Guipi Bopala, Prince Eric jr"]
[Result "1-0"]
[WhiteElo "2017"]
[BlackElo "1619"]
[PlyCount "63"]
[EventDate "2019.07.20"]
[EventType "swiss"]
[EventRounds "9"]
[EventCountry "CAN"]

1. c4 e6 2. d4 d5 3. Nc3 Be7 4. Nf3 Nf6 5. g3 O-O 6. Bg2 c6 7. O-O b6 8. Bf4
Bb7 9. cxd5 cxd5 10. Rc1 Nc6 11. a3 Rc8 12. Qd3 Na5 13. Nd2 a6 14. Rfd1 Bd6 15.
Bg5 h6 16. Bxf6 Qxf6 17. e4 dxe4 18. Ndxe4 Bxe4 19. Nxe4 Qe7 20. Qxa6 Rxc1 21.
Rxc1 Nb3 22. Rc6 Bb8 23. Qxb6 Na1 24. Qc5 Qxc5 25. dxc5 Rd8 26. Nd6 Nb3 27. Rc8
Rxc8 28. Nxc8 Nxc5 29. b4 Na6 30. Bb7 Nc7 31. Ne7+ Kf8 32. Nc6 1-0

[Event "Quebec op"]
[Site "Longueuil CAN"]
[Date "2019.07.24"]
[Round "6.17"]
[White "Bouchard, Jean-Marc"]
[Black "Nunez, Omar"]
[Result "0-1"]
[WhiteElo "1880"]
[BlackElo "1963"]
[PlyCount "50"]
[EventDate "2019.07.20"]
[EventType "swiss"]
[EventRounds "9"]
[EventCountry "CAN"]

1. e4 d5 2. exd5 Qxd5 3. Nf3 Nf6 4. d4 Bg4 5. Be2 Nc6 6. O-O O-O-O 7. c4 Qa5 8.
Be3 e5 9. d5 Bc5 10. Bxc5 Qxc5 11. Nbd2 e4 12. Nb3 Qe7 13. Nfd2 Ne5 14. Nd4 h5
15. f4 exf3 16. N2xf3 Bxf3 17. Nxf3 Qc5+ 18. Kh1 Neg4 19. Qd4 Qxd4 20. Nxd4 c6
21. Nf5 cxd5 22. Bxg4 hxg4 23. Nxg7 Ne4 24. cxd5 Ng3+ 25. Kg1 Nxf1 0-1

[Event "Quebec op"]
[Site "Longueuil CAN"]
[Date "2019.07.24"]
[Round "6.18"]
[White "Yagiz, Bora"]
[Black "Nunez-Painchaud, Raphael"]
[Result "1/2-1/2"]
[WhiteElo "1889"]
[BlackElo "1962"]
[PlyCount "79"]
[EventDate "2019.07.20"]
[EventType "swiss"]
[EventRounds "9"]
[EventCountry "CAN"]

1. e4 c5 2. Nf3 Nc6 3. Bb5 g6 4. O-O Bg7 5. Re1 Nd4 6. Nxd4 cxd4 7. c3 e6 8. e5
a6 9. Qa4 Qb6 10. Na3 Rb8 11. Bf1 Qc6 12. Qxd4 f6 13. Qa7 Qc7 14. Bxa6 Nh6 15.
Nb5 Qc6 16. Qxb8 O-O 17. Na7 Qxa6 18. Nxc8 fxe5 19. Qc7 Ng4 20. f3 Nf6 21. d3
h6 22. Rd1 Kh7 23. Nb6 e4 24. dxe4 Qe2 25. Rf1 Rf7 26. Qc4 Qc2 27. Re1 Bf8 28.
b4 Ng4 29. Be3 Ne5 30. Qb3 Qd3 31. c4 Qd6 32. c5 Qe7 33. Nc4 Nxf3+ 34. gxf3 Bg7
35. Rad1 Qh4 36. Bf2 Qh5 37. Rd3 Rf4 38. Bg3 Qg5 39. Kh1 Rf7 40. Qd1 1/2-1/2

[Event "Quebec op"]
[Site "Longueuil CAN"]
[Date "2019.07.24"]
[Round "6.19"]
[White "Richard, Leo"]
[Black "Jacquet, Stephane"]
[Result "1-0"]
[WhiteElo "1813"]
[BlackElo "1915"]
[PlyCount "87"]
[EventDate "2019.07.20"]
[EventType "swiss"]
[EventRounds "9"]
[EventCountry "CAN"]

1. d4 d5 2. Nf3 Nf6 3. c4 dxc4 4. e3 e6 5. Bxc4 c5 6. O-O a6 7. a4 Nc6 8. Nc3
cxd4 9. exd4 Nb4 10. Re1 Be7 11. Bg5 O-O 12. Qe2 Re8 13. Rad1 Nfd5 14. Bxe7
Rxe7 15. Qe5 Nc6 16. Qg5 h6 17. Qh4 Nxc3 18. bxc3 b6 19. d5 exd5 20. Rxe7 Qxe7
21. Bxd5 Qxh4 22. Nxh4 Bd7 23. Bxf7+ Kxf7 24. Rxd7+ Kg8 25. Nf5 Ra7 26. Rd6 Ne7
27. Nxe7+ Rxe7 28. Kf1 Rb7 29. Ke2 b5 30. Rxa6 b4 31. cxb4 Rxb4 32. a5 Ra4 33.
g3 Ra3 34. Ra8+ Kf7 35. a6 g6 36. a7 Kg7 37. f4 h5 38. h3 Kh7 39. g4 hxg4 40.
hxg4 Kg7 41. f5 gxf5 42. gxf5 Ra6 43. f6+ Rxf6 44. Re8 1-0

[Event "Quebec op"]
[Site "Longueuil CAN"]
[Date "2019.07.24"]
[Round "6.20"]
[White "Yan, Alex Jikai"]
[Black "Abdelaal, Ibrahim"]
[Result "0-1"]
[WhiteElo "1417"]
[BlackElo "1903"]
[PlyCount "52"]
[EventDate "2019.07.20"]
[EventType "swiss"]
[EventRounds "9"]
[EventCountry "CAN"]

1. e4 d5 2. exd5 Nf6 3. Nf3 Nxd5 4. d4 Bg4 5. c4 Bxf3 6. Qxf3 Nb4 7. Qc3 N8c6
8. d5 Nd4 9. Na3 e5 10. Be3 Bc5 11. Bd3 O-O 12. O-O f5 13. Bxd4 exd4 14. Qd2 f4
15. f3 Qh4 16. Nc2 Nxd3 17. Qxd3 Rae8 18. b4 Bd6 19. c5 Be5 20. Rad1 Rf6 21.
Nxd4 Rh6 22. h3 Rg6 23. Kh1 Bxd4 24. Qxd4 Re2 25. Qg1 Qg3 26. Qh2 Qxh2+ 0-1

[Event "Quebec op"]
[Site "Longueuil CAN"]
[Date "2019.07.24"]
[Round "6.22"]
[White "Landry, Sylvain"]
[Black "Vignalou, Joseph"]
[Result "1/2-1/2"]
[WhiteElo "2046"]
[BlackElo "1732"]
[PlyCount "93"]
[EventDate "2019.07.20"]
[EventType "swiss"]
[EventRounds "9"]
[EventCountry "CAN"]

1. e4 c5 2. Nc3 Nc6 3. g3 Nf6 4. Bg2 d6 5. d3 g6 6. f4 e5 7. Nf3 Bg7 8. O-O O-O
9. Ne2 Nd4 10. Nexd4 cxd4 11. f5 gxf5 12. exf5 Qc7 13. Bg5 h6 14. Bxf6 Bxf6 15.
Qd2 Kh7 16. h4 Rg8 17. Kh2 d5 18. Qe2 e4 19. Ng5+ Bxg5 20. hxg5 Rxg5 21. Rf4
Bxf5 22. Raf1 Rag8 23. Kh1 Bg6 24. dxe4 Rh5+ 25. Kg1 Re5 26. Qf2 dxe4 27. Qxd4
e3 28. Bd5 e2 29. Re1 Qb6 30. Qxb6 axb6 31. Bxf7 Rd8 32. Bc4 Rd2 33. Kf2 Bxc2
34. Rxe2 Rexe2+ 35. Bxe2 Bd1 36. Ke1 Rxe2+ 37. Kxd1 Rxb2 38. Rf7+ Kg6 39. Rxb7
Kg5 40. Kc1 Rxa2 41. Rxb6 Rg2 42. Kd1 Rxg3 43. Ke2 h5 44. Kf2 h4 45. Rb4 Ra3
46. Kg2 Ra2+ 47. Kh3 1/2-1/2